| 000 -LEADER |
| fixed length control field |
01477pab a2200169 454500 |
| 008 - FIXED-LENGTH DATA ELEMENTS--GENERAL INFORMATION |
| fixed length control field |
180718b2009 xxu||||| |||| 00| 0 eng d |
| 100 ## - MAIN ENTRY--PERSONAL NAME |
| Personal name |
Kooiman, Jan |
| 245 ## - TITLE STATEMENT |
| Title |
Meta-governance: values, norms and principles, and the making of hard choices |
| 260 ## - PUBLICATION, DISTRIBUTION, ETC. |
| Date of publication, distribution, etc. |
2009 |
| 300 ## - PHYSICAL DESCRIPTION |
| Extent |
p.818-36. |
| 520 ## - SUMMARY, ETC. |
| Summary, etc. |
Meta-governance - or governance of governance - is a concept that raises questions regarding how values, norms and principles underpin governance systems and governing approaches. Values, norms and principles pertain both to substantive governance issues, for instance, related to sustainable resource use, and to governance system issues in themselves, for instance, regarding their institutional design. This article deals primarily with the latter. Thus the interactive perspective serves as basis for developing a coherent set of meta-governance principles. We argue that an explicit, deliberated and decided upon set of meta-governance principles as an integral part of governance can help in making hard substantive governance choices easier. Interactive learning plays a key role in governance processes when public and private governing actors have to make such hard choices. In the article, examples from natural resource governance will serve as illustrations for the more conceptual argumentation and reasoning. - Reproduced. |
| 650 ## - SUBJECT ADDED ENTRY--TOPICAL TERM |
| Topical term or geographic name entry element |
Public administration |
| 700 ## - ADDED ENTRY--PERSONAL NAME |
| Personal name |
Jentoft, Svein |
| 773 ## - HOST ITEM ENTRY |
| Main entry heading |
Public Administration |
| 908 ## - PUT COMMAND PARAMETER (RLIN) |
| Put command parameter |
N |
| 909 ## - |
| -- |
85413 |